|
|
|
|
| LEADER |
00000nam a2200000Ia 4500 |
| 008 |
180918b2011 cr ||||| |||| 00| | spa d |
| 999 |
|
|
|c 2412
|d 2412
|
| 090 |
|
|
|a Archivo #13
|
| 100 |
|
|
|a Fonseca Calvo, María Eugenia
|9 4250
|
| 245 |
1 |
0 |
|a Educación latinoamericana requiere cambios /
|c María Eugenia Fonseca Calvo
|
| 260 |
|
|
|a San Jose, Costa Rica :
|b Universidad de Costa Rica,
|c 2011
|
| 300 |
|
|
|a 2 páginas Artículo
|
| 500 |
|
|
|a En: htpp://www.ucr.ac.cr/noticias/2011/02/03/educación-latinoamericana-requiere-cambios\II Congreso Internacional de Investigación Educativa
|
| 650 |
1 |
4 |
|a EDUCACIÓN
|9 1
|
| 650 |
1 |
4 |
|a CONFERENCIA
|9 506
|
| 942 |
|
|
|i 002268
|h Archivo #13
|2 z
|c 07
|